| 000 | 00487nam a2200181 a 4500 | ||
|---|---|---|---|
| 001 | 7119 | ||
| 003 | CO-ViMGA | ||
| 008 | 141112s2004 ck r 000 u spa d | ||
| 040 |
_aCO-ViMGA _bspa _cCO-ViMGA |
||
| 082 | 0 | 4 | _a647.95 F474 |
| 100 | 1 |
_aFisher, William P _96220 |
|
| 245 | 1 | 0 |
_aMarketing creativo : _bpara el servicio de comidas |
| 260 |
_aMexico : _bTrillas, _c1989 |
||
| 300 | _a259 p | ||
| 650 | 1 | 4 | _aMERCADOTECNIA |
| 650 | 1 | 4 |
_aRESTAURANTES - SERVICIO _954614 |
| 942 |
_2ddc _cBK |
||
| 999 |
_c19084 _d19084 |
||